Normal view
MARC view
Entry Personal Name
001 - CONTROL NUMBER
- control field: 95738
003 - CONTROL NUMBER IDENTIFIER
- control field: OSt
005 - DATE AND TIME OF LATEST TRANSACTION
- control field: 20220918200829.0
008 - FIXED-LENGTH DATA ELEMENTS
- fixed length control field: 220918|| aca||aabn | a|a d
040 ## - CATALOGING SOURCE
- Original cataloging agency: OSt
- Transcribing agency: OSt
100 ## - HEADING--PERSONAL NAME
- Personal name: Wissmann Hermann Von
670 ## - SOURCE DATA FOUND
- Source citation: Work cat.: (OSt)214152: Wissmann Hermann Von, My second journey through equatorial Africa from the Congo to the Eambesi in the years 1886 and 1887 tr from the German by Minna J A Bergmann, 1891
